000 00242nam a2200097Ia 4500
001 1199255
005 20250827021900.0
008 250824s9999 xx 000 0 und d
245 0 _aCİNAYET İLANI
_cAGATHA CHRISTIE
260 _bALTIN KİTAPLAR
999 _c1199255
_d1199255